| 000 | 00745nam a2200253Ia 4500 | ||
|---|---|---|---|
| 003 | GCL | ||
| 008 | 140319s9999 xx 000 0 ara d | ||
| 040 |
_aGCL / _cGCL |
||
| 082 | 0 | 4 |
_a955.06 _bا ا |
| 100 | 1 | _aامير الطاهرى | |
| 245 | 1 | 0 |
_aالارهاب المقدس / _cامير الطاهرى |
| 700 | 1 | _aعبدالله سرور | |
| 260 |
_a[S.N] : _bالمكتب العربى للمعارف |
||
| 300 | _a268 ص | ||
| 490 | _a | ||
| 650 | 0 | 4 | _aالعصر الحديث |
| 650 | 0 | 4 | _aالعالم العربى |
| 650 | 0 | 4 | _aتاريخ |
| 650 | 0 | 4 | _aايران |
| 650 | 0 | 4 | _aالاحوال السياسية |
| 650 | 0 | 4 | _aالثورة الاسلامية |
| 650 | 0 | 4 | _aالاسلام والسياسة |
| 942 |
_2ddc _cBK |
||
| 999 |
_c29157 _d29157 |
||